ბათუმის შოთა რუსთაველის სახელმწიფო უნივერსიტეტის ბიბლიოთეკა

99 ფრანკი (ბიბ.ჩანაწერი № 49338)

000 -LEADER
fixed length control field 00838nam a2200241Ia 4500
001 - CONTROL NUMBER
control field 16255
003 - CONTROL NUMBER IDENTIFIER
control field GE_BSU
008 - FIXED-LENGTH DATA ELEMENTS--GENERAL INFORMATION
fixed length control field 181216s||||||||xx |||||||||||||| ||und||
020 ## - INTERNATIONAL STANDARD BOOK NUMBER
International Standard Book Number ISBN 978-9941-19-676-8
040 ## - CATALOGING SOURCE
Transcribing agency GE_BSU
100 ## - MAIN ENTRY--PERSONAL NAME
Personal name ბეგბედერი, ფ. (ფრედერიკ)
245 ## - TITLE STATEMENT
Title 99 ფრანკი
245 ## - TITLE STATEMENT
Remainder of title რომანი
245 ## - TITLE STATEMENT
Statement of responsibility, etc. თინათინ ღარიბაშვილის თარგმანი;რედ. ელენე სალარიძე ; ყდის დიზაინი ეთერ გზირიშვილი
260 ## - PUBLICATION, DISTRIBUTION, ETC.
Place of publication, distribution, etc. თბილისი
260 ## - PUBLICATION, DISTRIBUTION, ETC.
Name of publisher, distributor, etc. პალიტრაL
260 ## - PUBLICATION, DISTRIBUTION, ETC.
Date of publication, distribution, etc. 2012
300 ## - PHYSICAL DESCRIPTION
Extent 208გვ;21სმ.
653 ## - INDEX TERM--UNCONTROLLED
Uncontrolled term 99 ფრანკი
653 ## - INDEX TERM--UNCONTROLLED
Uncontrolled term რომანი
942 ## - ADDED ENTRY ELEMENTS (KOHA)
Koha item type წიგნი
ეგზემპლარები
Withdrawn status Lost status Damaged status Not for loan Date acquired Barcode Date last seen Price effective from Koha item type
        2018-12-17 40245 2018-12-17 2018-12-17 წიგნი
        2018-12-17 46712 2018-12-17 2018-12-17 წიგნი